| 000 | 00000nam##2200000za#4500 |
| 001 | 9.570621 |
| 003 | CaOODSP |
| 005 | 20220623092433 |
| 007 | cr ||||||||||| |
| 008 | 150406|2000||||xxc|||||o f|0| 0 eng|d |
| 040 | |aCaOODSP|beng |
| 043 | |an-cn--- |
| 086 | 1 |aC21-23/24-2000E-PDF |
| 110 | 1 |aCanada. |bIndustry Canada. |
| 245 | 10|aInvestment and productivity growth - a survey from the neoclassical and new growth perspectives : |h[electronic resource]|boccasional paper number 24, June 2000 / |cby Kevin J. Stiroh. |
| 260 | |aOttawa - Ontario : |bIndustry Canada |cJune 2000. |
| 300 | |a81p.|bgraph, tables |
| 490 | 1 |aOccasional paper|vNo. 24 |
| 500 | |aThe catalogue number (C21-23/24-2000) and ISBN (0-662-64815-3) for the bilingual print edition have been incorrectly copied in this electronic publication. |
| 504 | |aBibliography. |
| 590 | |a11-09-Supp|b2011-06-30 |
| 720 | 1 |aStiroh, Kevin J. |
| 775 | 08|tInvestissement et croissance de la productivité : étude inspirée de la théorie néoclassique et de la nouvelle théorie de la croissance : |w(CaOODSP)9.601269 |
| 776 | 0#|tInvestment and productivity growth - a survey from the neoclassical and new growth perspectives / |w(CaOODSP)9.533636 |
| 776 | 0#|tInvestissement et croissance, de la productivité - étude inspirée de la théorie néoclassique et de la nouvelle théorie de la croissance / |w(CaOODSP)9.533637 |
| 830 | #0|aOccasional paper (Canada. Industry Canada)|vNo. 24|w(CaOODSP)9.504752 |
| 856 | 40|ahttp://publications.gc.ca|qPDF|s388 KB|uhttps://publications.gc.ca/collections/Collection/C21-23-24-2000E.pdf|yNo. 24 |